Animals that Start With E - Statistics

General Stats
  • This quiz has been taken 78 times
  • The average score is 10 of 16
Answer Stats
Description Animal % Correct
A certain type of it is a national symbol of the USA Eagle
98%
Large ears, tusks, trunk Elephant
96%
Long, sleek fish Eel
94%
Similar to deer and moose Elk
88%
Star of Liberty Mutual commercials; also an Oceanian flightless bird Emu
85%
Largest of the penguins Emperor penguin
75%
Female sheep Ewe
75%
One of two species of monotremes (I won't tell you what that is) along with the platypus Echidna
73%
Mistakenly named as a species of ^, with a "shocking" ability Electric eel
71%
A type of worm (it's really nothing more than that) Earthworm
69%
In the same family as storks, cranes, herons, etc. Egret
60%
One of its subspecies is the giant ______, the largest antelope in the world Eland
52%
Small Arctic weasel; similar to stoats Ermine
48%
Loud, ugly pinnipeds; some species are some of the few mammals in Antarctica Elephant seal
44%
African mammal named after a rodent, though they're an entirely different species Elephant shrew
17%
Seriously one of the rarest canine species that lives today; lives in Africa Ethiopian wolf
4%
No matching quizzes found
Score Distribution
Percent of People with Each Score
Percentile by Number Answered
Your Score History
You have not taken this quiz